El exterior /

Guardado en:
Autor Principal: Aldiss, Brian W.
Formato: Libro
Publicado: Madrid : Unidad / El Mundo
Series:Las novelas del verano, 671
Materias:
Etiquetas: Agregar Etiqueta
Sin Etiquetas, Sea el primero en etiquetar este registro!
LEADER 00713nam a22002295a 4500
001 CEM.cems011001
005 20071214183306.0
008 130507b######################000#0#####d
003 CEMS
020 |a 8481301027 
082 0 4 |a 828.9 
100 1 |a Aldiss, Brian W. 
245 1 0 |a El exterior /  |c Brian Aldiss 
260 |a Madrid :  |b Unidad / El Mundo 
300 |a 95 p. 
490 0 |a Las novelas del verano, 671 
505 0 |a Cómo se puede reemplazar a un hombre? -- El exterior -- Hacia adelante -- El hombre en su tiempo 
653 |a Literatura 
653 |a Literatura inglesa 
653 |a Ciencia ficción 
653 |a Literatura fantástica 
859 |a CEMS  |b BIB. CEMS - 11 de abril  |h 828.9  |i Al23-1  |p 21797.02  |t Ej.1